000 00280nam a2200109Ia 4500
008 210430s9999 xx 000 0 und d
082 _a720.951 D269E
100 _aHazi Amat
_954648
245 _aExamples of Uygur Architectural Art
_cHazi Amat
300 _a108
942 _cBK
_2ddc
999 _c565287
_d565287